Draft Crofting Reform Bill (2009) (Record no. 110208)

MARC details
000 -LEADER
fixed length control field 01421cad a22002535a 4500
001 - CONTROL NUMBER
control field E148757
008 - FIXED-LENGTH DATA ELEMENTS--GENERAL INFORMATION
fixed length control field 091104s2009 xxk f s000 0 eng d
020 ## - INTERNATIONAL STANDARD BOOK NUMBER
International Standard Book Number 9780755991334
035 ## - SYSTEM CONTROL NUMBER
System control number (Sirsi) u148757
041 0# - LANGUAGE CODE
Language code of text/sound track or separate title eng
050 04 - LIBRARY OF CONGRESS CALL NUMBER
Classification number 630.0269411 $2 18
110 2# - MAIN ENTRY--CORPORATE NAME
Corporate name or jurisdiction name as entry element Scotland
Subordinate unit Scottish Government
9 (RLIN) 5344
245 00 - TITLE STATEMENT
Title Draft Crofting Reform Bill (2009)
Remainder of title analysis of consultation responses
Medium [electronic resource]
260 ## - PUBLICATION, DISTRIBUTION, ETC.
Place of publication, distribution, etc. Edinbugh
Name of publisher, distributor, etc. Scottish Government
Date of publication, distribution, etc. 2009
505 2# - FORMATTED CONTENTS NOTE
Formatted contents note Executive summary -- Introduction: background; consultation process; methodology -- Reform of Crofters Commission -- Crofting register -- Standard securities -- Occupancy requirement -- Other changes to crofting regulation -- Additional comments -- Annex A link to written responses -- Annex B link to minutes of public meetings
520 ## - SUMMARY, ETC.
Summary, etc. Discusses the results of a consultation on the draft Crofting Reform Bill (see E147521). Issues discussed include: reform of the Crofters' Commission; the crofting register; standard securities; occupancy requirement; and crofting regulation.
521 ## - TARGET AUDIENCE NOTE
Target audience note Advanced
590 ## - LOCAL NOTE (RLIN)
Local note KA
650 24 - SUBJECT ADDED ENTRY--TOPICAL TERM
Topical term or geographic name entry element DRAFT CROFTING REFORM (SCOTLAND) BILL
651 #4 - SUBJECT ADDED ENTRY--GEOGRAPHIC NAME
Geographic name Scotland
Chronological subdivision 1999-
690 ## - LOCAL SUBJECT ADDED ENTRY--TOPICAL TERM (OCLC, RLIN)
Topical term or geographic name as entry element ENVIRONMENTAL AND LAND CONSULTANCY-AGRIBUSINESS-AGRICULTURE
856 40 - ELECTRONIC LOCATION AND ACCESS
Uniform Resource Identifier <a href="https://www.scotland.gov.uk/Publications/2009/11/03094225/0">https://www.scotland.gov.uk/Publications/2009/11/03094225/0</a>
Public note View the report free of charge at www.scotland.gov.uk...
942 ## - ADDED ENTRY ELEMENTS (KOHA)
Suppress in OPAC 0
Holdings
Withdrawn status Lost status Source of classification or shelving scheme Damaged status Not for loan Home library Current library Shelving location Date acquired Total Checkouts Full call number Barcode Date last seen Copy number Price effective from Koha item type
    Dewey Decimal Classification     Virtual Virtual Online 04/11/2009   ONLINE PUBLICATION 148757-2001 06/08/2019 1 06/08/2019 Book